Shahr-i be mis̲āl. (Record no. 329888)
[ view plain ]
| 000 -LEADER | |
|---|---|
| fixed length control field | 00689cam a22002531 4500 |
| 001 - CONTROL NUMBER | |
| control field | 9894902 |
| 003 - CONTROL NUMBER IDENTIFIER | |
| control field | NUST |
| 005 - DATE AND TIME OF LATEST TRANSACTION | |
| control field | 20170614133528.0 |
| 008 - FIXED-LENGTH DATA ELEMENTS--GENERAL INFORMATION | |
| fixed length control field | 940603s1967 pk 000 1 urdo |
| 010 ## - LIBRARY OF CONGRESS CONTROL NUMBER | |
| LC control number | sa 68003303 |
| 020 ## - INTERNATIONAL STANDARD BOOK NUMBER | |
| International Standard Book Number | 9693505077 |
| 025 ## - OVERSEAS ACQUISITION NUMBER | |
| Overseas acquisition number | PL480:P-U-1761 |
| 035 ## - SYSTEM CONTROL NUMBER | |
| System control number | (OCoLC)30542928 |
| 040 ## - CATALOGING SOURCE | |
| Original cataloging agency | DLC |
| Transcribing agency | CU |
| Modifying agency | CU |
| -- | DLC |
| 042 ## - AUTHENTICATION CODE | |
| Authentication code | premarc |
| 050 00 - LIBRARY OF CONGRESS CALL NUMBER | |
| Classification number | PK2200.B329 |
| Item number | S5 |
| 082 ## - DEWEY DECIMAL CLASSIFICATION NUMBER | |
| Classification number | 891.4393 |
| Author Mark | QUD |
| 100 0# - MAIN ENTRY--PERSONAL NAME | |
| Personal name | Bāno Qudsiyah, |
| Dates associated with a name | 1928-2017. |
| 9 (RLIN) | 1163 |
| 245 10 - TITLE STATEMENT | |
| Title | Shahr-i be mis̲āl. |
| Statement of responsibility, etc. | by Bano Qudsiya |
| 260 ## - PUBLICATION, DISTRIBUTION, ETC. | |
| Date of publication, distribution, etc. | Lahore: |
| Place of publication, distribution, etc. | Sang-e- Meel Publications, |
| Name of publisher, distributor, etc. | 1967 |
| 300 ## - PHYSICAL DESCRIPTION | |
| Extent | 342 p. |
| Dimensions | 19 cm. |
| 500 ## - GENERAL NOTE | |
| General note | In Urdu. |
| 500 ## - GENERAL NOTE | |
| General note | A novel. |
| 650 ## - SUBJECT ADDED ENTRY--TOPICAL TERM | |
| Topical term or geographic name entry element | Urdu Literature |
| Form subdivision | Novel |
| 9 (RLIN) | 876 |
| 880 ## - ALTERNATE GRAPHIC REPRESENTATION | |
| Title | شہر بے مثال |
| Linkage | 245-02\(3\r |
| c | بانو قدسیہ |
| 880 ## - ALTERNATE GRAPHIC REPRESENTATION | |
| Title | بانو قدسیہ |
| Linkage | 100-02\(3\r |
| 880 ## - ALTERNATE GRAPHIC REPRESENTATION | |
| Title | لاہور: |
| Linkage | 260-03\(3\r |
| b | سنگ میل پبلیکیشنز، |
| c | 2007 |
| 906 ## - LOCAL DATA ELEMENT F, LDF (RLIN) | |
| a | 7 |
| b | cbc |
| c | oclcrpl |
| d | u |
| e | ncip |
| f | 19 |
| g | y-gencatlg |
| 942 ## - ADDED ENTRY ELEMENTS (KOHA) | |
| Source of classification or shelving scheme | |
| Koha item type | Book |
| Withdrawn status | Lost status | Source of classification or shelving scheme | Damaged status | Not for loan | Permanent Location | Current Location | Shelving location | Date acquired | Total Checkouts | Total Renewals | Full call number | Barcode | Checked out | Date last seen | Date last checked out | Copy number | Price effective from | Koha item type |
|---|---|---|---|---|---|---|---|---|---|---|---|---|---|---|---|---|---|---|
| Central Library (CL) | Central Library (CL) | Fiction | 05/29/2017 | 13 | 2 | 891.4393 QUD | CL1801 | 01/04/2026 | 12/05/2025 | 12/05/2025 | 1 | 05/29/2017 | Book |
